Name a Valid Country by Continent #1 - Statistics

General Stats
  • This quiz has been taken 58,604 times
  • The average score is 25 of 32
Answer Stats
Name a country that ... Continent Countries % Correct
is landlocked Africa Chad | Ethiopia | Zimbabwe | +13 others
97%
is landlocked Europe Andorra | Austria | Belarus | Czech Republic | Hungary | Kosovo | Liechtenstein | Luxembourg | Moldova | North Macedonia | San Marino | Serbia | Slovakia | Switzerland | Vatican City
97%
is landlocked Asia Afghanistan | Armenia | Azerbaijan | Bhutan | Kazakhstan | Kyrgyzstan | Laos | Mongolia | Nepal | Tajikistan | Turkmenistan | Uzbekistan
96%
is landlocked South America Bolivia | Paraguay
93%
has a red, white, and blue flag Europe France | Russia | United Kingdom | +6 others
90%
has a red, white, and blue flag North America Costa Rica | Cuba | Panama | United States
90%
doesn't border any other countries Africa Cape Verde | Madagascar | Mauritius | +3 others
88%
doesn't border any other countries Asia Japan | Philippines | Taiwan | +5 others
88%
doesn't border any other countries Oceania Australia | Fiji | F. S. Micronesia | Kiribati | Marshall Islands | Nauru | New Zealand | Palau | Papua New Guinea | Samoa | Solomon Islands | Tonga | Tuvalu | Vanuatu
88%
doesn't border any other countries Europe Iceland | Malta
87%
doesn't border any other countries North America Antigua and Barbuda | Bahamas | Barbados | Cuba | Dominica | Dominican Republic | Grenada | Haiti | Jamaica | St. Kitts and Nevis | St. Lucia | St. Vincent and the Grenadines | Trinidad and Tobago
86%
has a five-letter name Africa Benin | Egypt | Gabon | Ghana | Kenya | Libya | Niger | Sudan
86%
has a five-letter name Asia China | India | Japan | Nepal | Qatar | Syria | Yemen
86%
has a red, white, and blue flag Oceania Australia | New Zealand | Samoa
84%
has a five-letter name Europe Italy | Malta | Spain
84%
has hosted (or will host) the men's FIFA World Cup Europe England | France | Germany | Italy | Portugal | Russia | Spain | Switzerland
81%
has hosted (or will host) the men's FIFA World Cup North America Canada | Mexico | United States
81%
has hosted (or will host) the men's FIFA World Cup South America Argentina | Brazil | Chile | Uruguay
80%
has hosted (or will host) the men's FIFA World Cup Asia Japan | Qatar | Saudi Arabia | South Korea
78%
has hosted (or will host) the men's FIFA World Cup Africa Morocco | South Africa
77%
has a five-letter name South America Chile
76%
has a five-letter name Oceania Nauru | Palau | Samoa | Tonga
74%
is a member of the Commonwealth of Nations North America Antigua and Barbuda | Bahamas | Barbados | Belize | Canada | Dominica | Grenada | Jamaica | St. Kitts and Nevis | St. Lucia | St. Vincent and the Grenadines | Trinidad and Tobago
71%
is a member of the Commonwealth of Nations Oceania Australia | Fiji | Kiribati | Nauru | New Zealand | Papua New Guinea | Samoa | Solomon Islands | Tonga | Tuvalu | Vanuatu
71%
is a member of the Commonwealth of Nations Africa Botswana | Cameroon | Eswatini | Gabon | Gambia | Ghana | Kenya | Lesotho | Malawi | Mauritius | Mozambique | Namibia | Nigeria | Rwanda | Seychelles | Sierra Leone | South Africa | Tanzania | Togo | Uganda | Zambia
70%
is a member of the Commonwealth of Nations Europe Malta | United Kingdom
70%
has a red, white, and blue flag South America Chile
69%
has a five-letter name North America Haiti
66%
is a member of the Commonwealth of Nations Asia Bangladesh | Brunei | Cyprus | India | Malaysia | Maldives | Pakistan | Singapore | Sri Lanka
64%
has a red, white, and blue flag Asia Laos | Nepal | North Korea | Taiwan | Thailand
61%
is a member of the Commonwealth of Nations South America Guyana
52%
has a red, white, and blue flag Africa Liberia
43%
No matching quizzes found
Score Distribution
Percent of People with Each Score
Percentile by Number Answered
Your Score History
You have not taken this quiz